| 000 | 00404 a2200133 4500 | ||
|---|---|---|---|
| 005 | 20250505085846.0 | ||
| 082 | _a658.4 AQU | ||
| 100 | _aAQUINAS, P. G. | ||
| 245 | _aPrinciples of Management : Foundations & Realities. | ||
| 260 |
_aIndia, _bMehra Offset Press, _c2007. |
||
| 300 |
_aXv, 551p.: ill.; figure _c21cm. |
||
| 856 |
_yAccess Online Book _fManagement _dwww.anmolpublications.com |
||
| 942 |
_2ddc _cBKS |
||
| 999 |
_c1892 _d1892 |
||